Statistiques concernant 3 plus grandes villes par états et territoires australiens

Cliquez ici pour prendre le quiz!

Statistiques générales

  • Ce quiz a été pris 40 fois
  • Le résultat moyen est 9 sur 25

Statistiques - réponses

États /
Territoires
VillePopulation
(en milliers)
% Correct
Australie OccidentalePerth2 024
97%
Nouvelle Galles du SudSydney5 045
97%
Territoire de la capitale australienneCanberra431
94%
VictoriaMelbourne4 812
94%
Australie MéridionaleAdélaïde1 389
83%
QueenslandBrisbane2 379
83%
TasmanieHobart222
72%
Territoire du NordDarwin189
67%
Alice Springs21
53%
Gold Coast539
44%
Newcastle308
39%
Wollongong295
25%
Townsville178
17%
Geelong183
14%
Launceston81
14%
Ballarat98
3%
Devonport22
3%
Mount Gambier23
3%
Banbury54
0%
Greenpatch0,030
0%
Territoire de la baie de JervisJervis Bay Village0,611
0%
Mandurah67
0%
Palmerston23
0%
Whyalla21
0%
Wreck Bay Village0,180
0%

Distribution des résultats

Percentile par nombre de réponses

% des personnes avec chaque résultat

Votre développement - résultats

Vous n’avez pas pris ce quiz